Art for Yale (Record no. 10937)

MARC details
000 -CABECERA
campo de control de longitud fija 01342nam a22002777a 4500
001 - NÚMERO DE CONTROL
campo de control BRCA_9315
003 - IDENTIFICADOR DEL NÚMERO DE CONTROL
campo de control FranzMayer
005 - FECHA Y HORA DE LA ÚLTIMA TRANSACCIÓN
campo de control 20230918115557.0
008 - DATOS DE LONGITUD FIJA--INFORMACIÓN GENERAL
campo de control de longitud fija 230816b |||||||| |||| 00| 0 eng d
020 ## - NÚMERO INTERNACIONAL ESTÁNDAR DEL LIBRO
Número Internacional Estándar del Libro 0894679538
040 ## - FUENTE DE LA CATALOGACIÓN
Centro catalogador/agencia de origen MFM
Lengua de catalogación español
Centro/agencia transcriptor MFM
050 #0 - SIGNATURA TOPOGRÁFICA DE LA BIBLIOTECA DEL CONGRESO
Número de clasificación N590
Número de documento/Ítem M38 2001
100 1# - ENTRADA PRINCIPAL--NOMBRE DE PERSONA
Código de función/relación Autor
Nombre de persona Mathenson, Susan B.
9 (RLIN) 29052
240 ## - TÍTULO UNIFORME
Título uniforme Art for Yale
Medio A History of the Yale University Art Gallery
Lenguaje de la obra english
245 0# - MENCIÓN DE TÍTULO
Título Art for Yale
Resto del título A History of the Yale University Art Gallery
260 ## - PUBLICACIÓN, DISTRIBUCIÓN, ETC.
Lugar de publicación, distribución, etc. Connecticut, EE,UU.
Nombre del editor, distribuidor, etc. Yale University Art Gallery
Fecha de publicación, distribución, etc. 2001
300 ## - DESCRIPCIÓN FÍSICA
Extensión 300 p
Otras características físicas Ilustraciones a color
Dimensiones 30 cm
500 ## - NOTA GENERAL
Nota general Anexo 1
500 ## - NOTA GENERAL
Nota general El libro contiene una dedicatoria en la primer hoja
500 ## - NOTA GENERAL
Nota general El libro contiene una guarda de papel con la imagen del mismo sobre la cubierta dura.
505 ## - NOTA DE CONTENIDO CON FORMATO
Nota de contenido con formato Texto en: inglésIncluye índice temáticoDirigido a: artistas, historiadores de arte, museógrafos, o cualquier persona con interés en el arte/la Universidad de Yale
610 ## - PUNTO DE ACCESO ADICIONAL DE MATERIA--NOMBRE DE ENTIDAD CORPORATIVA
Fuente del encabezamiento o término Coorperation conjuction
Nombre de entidad corporativa o nombre de jurisdicción como elemento de entrada Art for Yale: Defining Moments
Unidad subordinada Yale University Art Gallery
9 (RLIN) 29053
650 1# - PUNTO DE ACCESO ADICIONAL DE MATERIA--TÉRMINO DE MATERIA
Fuente del encabezamiento o término Artes visuales
Término de materia o nombre geográfico como elemento de entrada Museos de artes o galerias
Subdivisión de forma Museos privados o de instituciones privadas
9 (RLIN) 29054
651 2# - PUNTO DE ACCESO ADICIONAL DE MATERIA--NOMBRE GEOGRÁFICO
Fuente del encabezamiento o término Arte estadounidense
Nombre geográfico Universidad de Yale
Subdivisión de forma Galería de Arte de la Universidad de Yale
9 (RLIN) 29055
942 ## - ELEMENTOS DE PUNTO DE ACCESO ADICIONAL (KOHA)
Fuente del sistema de clasificación o colocación Library of Congress Classification
Tipo de ítem Koha Libros
Holdings
Estado de retiro Estado de pérdida Fuente del sistema de clasificación o colocación Estado dañado No para préstamo Código de colección Localización permanente Ubicación/localización actual Fecha de adquisición Fuente de adquisición Total de préstamos Signatura topográfica completa Código de barras Fecha visto por última vez Precio válido a partir de Tipo de ítem Koha
El ejemplar forma parte de la colección y puede ser consultado según las políticas vigentes.   Library of Congress Classification     Fondo Contemporáneo Biblioteca del Museo Franz Mayer (Rogerio Casas-Alatriste) Biblioteca del Museo Franz Mayer (Rogerio Casas-Alatriste) 16/08/2023 Donación   N590 M38 2001 CONT10071 16/08/2023 16/08/2023 Libros